الماسونية بين الإنحراف و الأصولية محفل يكشف أسرار الصراع بين الماسونية المزيفة و الماسونية المتشددة / (رقم التسجيلة. 21305)

تفاصيل مارك
000 -LEADER
fixed length control field 00581nam a22001697a 4500
005 - DATE AND TIME OF LATEST TRANSACTION
control field 20251108165156.0
008 - FIXED-LENGTH DATA ELEMENTS--GENERAL INFORMATION
fixed length control field 250721s1986 xx 000 0 ara d
082 14 - DEWEY DECIMAL CLASSIFICATION NUMBER
Classification number 366.1/ماس
100 1# - MAIN ENTRY--PERSONAL NAME
Personal name ضوميط، يوسف
Relator term شارح
245 10 - TITLE STATEMENT
Title الماسونية بين الإنحراف و الأصولية محفل يكشف أسرار الصراع بين الماسونية المزيفة و الماسونية المتشددة /
250 ## - EDITION STATEMENT
Edition statement ط2
264 ## - PRODUCTION, PUBLICATION, DISTRIBUTION, MANUFACTURE, AND COPYRIGHT NOTICE
Name of producer, publisher, distributor, manufacturer مختارات،
Date of production, publication, distribution, manufacture, or copyright notice 1986.
300 ## - PHYSICAL DESCRIPTION
Extent 198ص
650 17 - SUBJECT ADDED ENTRY--TOPICAL TERM
Topical term or geographic name as entry element الماسونية
942 ## - ADDED ENTRY ELEMENTS (KOHA)
Source of classification or shelving scheme Dewey Decimal Classification
Koha item type كتب
المقتنيات
حالة السحب حالة الفقدان مصدر التصنيف حالة التلف غير قابل للإعارة المكتبة الرئيسية المكتبة الحالية موقع الرف تاريخ التزويد الرقم المتسلسل Total Checkouts رقم الإستدعاء تاريخ آخر ظهور تاريخ الفاتورة نوع المادة (كوها) الباركود
    Dewey Decimal Classification Unchecked   مكتبة أم قصير والمقابلين العامة مكتبة أم قصير والمقابلين العامة الإعارة 06/07/2004 3014   366.1/ماس 28/07/2025 06/07/2004 كتب  
    Dewey Decimal Classification     مكتبة صويلح العامة مكتبة صويلح العامة الإعارة 30/04/2019 {4248}   366.1/ماس 28/07/2025 30/04/2019 كتب PLD00452105
    Dewey Decimal Classification Unchecked   مكتبة وادي السير العامة مكتبة وادي السير العامة الإعارة 06/07/2004 2008   366.1/ماس 28/07/2025 06/07/2004 كتب  
Implemented & Customized by: BBB with SCIT (Smart Chains for Information Technology)

Powered by Koha